Estatísticas para Megacidades no Mapa do Mundo

Clique aqui para jogar o quiz

Estatísticas Gerais

  • Esse quiz foi jogado 2 436 vezes
    (2 365 desde o último reset)
  • A pontuação média é 21 de 37

Respostas no mapa

Respostas codificadas por cores de uma escala verde-vermelha no mapa do quiz de acordo com a % correta abaixo.
 

Estatísticas das Respostas

PopulaçãoPaísAglomeração% Correto
13.2 mBrasilRio de Janeiro
99%
22.4 mBrasilSão Paulo
99%
22.1 mEstados UnidosCidade de Nova Iorque
96%
23.0 mMéxicoCidade do México
95%
16.8 mArgentinaBuenos Aires
94%
14.8 mReino UnidoLondres
94%
11.4 mFrançaParis
94%
17.3 mRússiaMoscovo
92%
40.4 mJapãoTóquio
92%
21.0 mEgitoCairo
85%
17.7 mEstados UnidosLos Angeles
84%
19.8 mChinaPequim
84%
10.1 mPerúLima
83%
30.3 mÍndiaNova Deli
79%
24.8 mCoréia do SulSeul
73%
16.4 mTurquiaIstambul
71%
33.6 mChinaXangai
64%
31.3 mIndonésiaJakarta
60%
13.9 mÁfrica do SulJoanesburgo
54%
25.1 mÍndiaBombaim
52%
15.3 mIrãoTeerã
49%
18.8 mTailândiaBanguecoque
47%
19.4 mNigériaLagos
47%
25.7 mFilipinasManila
46%
17.7 mJapãoOsaka
43%
20.2 mBangladeshDaca
32%
12.4 mR. D. do CongoKinshasa
30%
16.8 mÍndiaKolkata
30%
46.7 mChinaCantão
29%
17.8 mPaquistãoCarachi
20%
12.2 mÍndiaBangalore
18%
10.5 mJapãoNagoia
16%
13.0 mPaquistãoLahore
14%
11.3 mÍndiaChennai
13%
12.7 mChinaTianjin
12%
10.2 mÍndiaHyderabad
11%
10.0 mChinaXiamen
8%

Distribuição das Pontuações

Percentil de Números Respondidos

Porcentagem de Pessoas com Cada Pontuação

Sua Pontuação Histórica

Você não jogou esse quiz desde o último reset